000 01829nam a22003137a 4500
999 _c21869
_d21869
003 AR-CdUCM
008 190425b ||||| |||| 00| 0 spa d
040 _aMUNICIPALIDAD PROVINCIAL DEL CUSCO
_cBIBLIOTECA MUNICIPAL DEL CUSCO
082 _aRev.DIMA/N°21/1967
110 _aInstituto y Museo Arqueológico de la Universidad Nacional del Cuzco
_946550
245 _aRevista del Museo e Instituto Arqueológico /
_cLuis A. Pardo, director, Universidad Nacional del Cuzco
260 _aCusco :
_bH.G. Rozas,
_c1967.
300 _a141 páginas. :
_bilustraciones ;
_c21 cm.
440 _aRevista del Museo e Instituto Arqueológico.
_nAño XIV, 1967. N°21.
_946569
505 _aContenido: El quechua a través de la historia. Luis A. Pardo. -- La restauración del Qoricancha y templo de Santo Domingo. Oscar Ladrón de Guevara Avilés. -- Interpretación de los personajes mitológicos del manto N° 5 del fardo funerario de Paracas N° 27. abierto en la universidad Nacional del Cusco. Carlos Galimberti Miranda. -- Origen del imperio de los Incas mito de los hermanos Ayar. Víctor Pérez Armendáriz. -- Conceptos vertidos por eminentes personalidades que han visitado el Museo e Instituto Arqueológico de la Universidad Nacional de San Antonio Abad del Cusco que constan en el libro de honor.
650 _aCultura Paracas
_936837
650 _aArquitectura Inka
_945226
650 _aQorikancha
_930993
650 _aConvento de Santo Domingo
_946570
650 _aInkas
_91899
650 _aHermanos Ayar
_946571
700 _aPardo, Luis
_946565
700 _aLadrón de Guevara Avilés, Oscar
_946572
700 _aGalimberti Miranda, Carlos
_946555
700 _aPérez Armendáriz, Víctor
_946573
710 _aUniversidad Nacional de San Antonio Abad del Cusco
_915942
942 _2ddc
_cPP
945 _arac